000
00325nam a22001457a 4500
003
SGT
020
_a
9789327257540
082
_b
DAS
100
_a
DAS, DILIP KUMAR
245
_a
INTRODUCTORY SOIL SCIENCE
260
_a
NEW DELHI
_b
KALYANI PUBLICATION
_c
2017
300
_a
879
650
_a
AGRICULTURE
942
_2
ddc
_c
BK
_0
54
999
_c
13800
_d
13800